| 000 | 00648cam a22002172 4500 | ||
|---|---|---|---|
| 001 | 0000008378 | ||
| 005 | 20151217154403.0 | ||
| 008 | 080408s xx 000 0 eng d | ||
| 020 |
_a812970613x : _cKES 2750 |
||
| 040 |
_aKABU _cKABU |
||
| 050 | 0 |
_aQA76.7 _b.S43 2004 |
|
| 100 | 1 |
_aSebesta, Robert W. _@0000154364 |
|
| 245 | 1 | 0 |
_aConcepts of programming languages / _cRobert W. Sebesta. |
| 250 | _a6th ed. | ||
| 260 |
_aDelhi : _bPearson Educ., _c2004. |
||
| 300 | _a685 p. | ||
| 650 | 0 |
_aProgramming languages (Electronic computers) _@0000148343 |
|
| 908 | _a080408 | ||
| 950 | _@1 | ||
| 999 |
_c10949 _d10949 |
||